|
|
|
|
| LEADER |
00000nab a2200000 ar4500 |
| 001 |
vtls011877996 |
| 003 |
SK-MaSNL |
| 005 |
20260305031200.0 |
| 008 |
190719c20180113xo mr|p|||||||000 b|slo |
| 038 |
|
|
|a SNSK
|
| 040 |
|
|
|a SNSK
|b slo
|e rda
|c SK
|
| 041 |
0 |
|
|a slo
|
| 043 |
|
|
|a e-xo- - -
|
| 044 |
|
|
|a xo
|c SK
|
| 080 |
|
|
|a 352.075.2
|2 2011
|
| 080 |
|
|
|a 355.433.1
|x -056.47
|x (=214.58)
|2 2011
|
| 245 |
0 |
0 |
|a Primátorka: Robia bordel, nestarajú sa o deti, ľudia sa boja!
|b Iveta Rušinová opisuje katastrofálnu situáciu v meste
|c [autor] (krs)
|
| 300 |
|
|
|b Fotografie
|
| 610 |
1 |
7 |
|a Krompachy (Slovensko).
|b Primátor
|2 snsk
|9 200367
|
| 650 |
0 |
7 |
|a rómska komunita
|2 snsk
|9 617803
|
| 650 |
0 |
7 |
|a neprispôsobiví občania
|2 snsk
|9 292310
|
| 651 |
|
7 |
|a Krompachy (Slovensko)
|2 snsk
|9 43389
|
| 651 |
|
7 |
|a Spišská Nová Ves (Slovensko : okres)
|2 snsk
|9 22259
|
| 773 |
0 |
|
|t Korzár
|g Roč. XXI., č. 10 (13.1.2018), s. 3
|x 2585-7355
|
| 852 |
|
|
|a SNSK
|b KIS3GCP
|
| 856 |
4 |
1 |
|u https://spis.korzar.sme.sk/c/20736444/primatorka-krompach-opisuje-katastrofalnu-situaciu-v-meste.html
|
| 999 |
|
|
|c 3315113
|d 3317043
|